<?xml version="1.0" encoding="UTF-8"?>
<marc:record xmlns:marc="http://www.loc.gov/MARC21/slim">
   <marc:leader>00000nam a2200000 a 4500</marc:leader>
   <marc:datafield ind1="1" ind2=" " tag="100">
      <marc:subfield code="a">Lukianenko, Sergej</marc:subfield>
      <marc:subfield code="4">aut</marc:subfield>
      <marc:subfield code="e">Verfasser/-in</marc:subfield>
   </marc:datafield>
   <marc:datafield ind1="0" ind2="0" tag="245">
      <marc:subfield code="a">Zauberlehrling voller Fehl und Adel</marc:subfield>
   </marc:datafield>
   <marc:datafield ind1=" " ind2="1" tag="264">
      <marc:subfield code="b">Beltz&amp;Gelberg</marc:subfield>
      <marc:subfield code="c">2010</marc:subfield>
   </marc:datafield>
   <marc:datafield ind1="1" ind2=" " tag="490">
      <marc:subfield code="a">Trix Solier</marc:subfield>
   </marc:datafield>
   <marc:datafield ind1="1" ind2=" " tag="520">
      <marc:subfield code="a">Trix, Erbe des Herzogtums Solier, wird Opfer eines gemeinen Putschs, bei dem ihm alles genommen wird: Eltern, Schloss, Vermögen. Trix schwört Rache. Bloß wie? Die wilde Welt jenseits der Schlossmauern ist nichts für zarte Jünglinge. Grässliche Untote, verwirrte Feen und minderbemittelte Minotauren machen Trix das Leben schwer. Aber dann entdeckt er ein ungeahntes Talent: Ist er vielleicht zum Magier berufen? Mit neuem Mut versucht sich Trix als Retter der schönen Fürstin Tiana, die zwangsverheiratet werden soll. Im Gegenzug verspricht Tiana ihm dabei zu helfen, den Thron zurückzuerobern. Die beiden schmieden einen tollkühnen Plan … </marc:subfield>
   </marc:datafield>
   <marc:datafield ind1=" " ind2=" " tag="020">
      <marc:subfield code="a">9783407810748</marc:subfield>
      <marc:subfield code="9">9783407810748</marc:subfield>
   </marc:datafield>
</marc:record>
